| 000 | 00627nam a22001937a 4500 | ||
|---|---|---|---|
| 003 | OSt | ||
| 005 | 20230118144427.0 | ||
| 008 | 221006b |||||||| |||| 00| 0 eng d | ||
| 040 | _cBiblioteca Lado V | ||
| 082 |
_a703 _bM468d |
||
| 100 |
_9574 _aMayer, Hasjorg _eeditor |
||
| 245 |
_aDocumenta Fifteen/ _bHandbook/ |
||
| 260 |
_aBerlin _c2012 _bHatje Cantz |
||
| 300 |
_a304p. _c15x20.5cm |
||
| 650 |
_2Tesauro de Arte & Arquitectura _aGUIA |
||
| 650 |
_2Tesauro de Arte & Arquitectura _aGLOSARIO DE ARTE |
||
| 650 |
_2Tesauro de Arte & Arquitectura _aGLOSARIO ILUSTRADO |
||
| 942 |
_2ddc _c1 _h703 _iM468d _n0 |
||
| 999 |
_c2830 _d2830 |
||